| 000 | 00587nam a2200241 a 4500 | ||
|---|---|---|---|
| 001 | nice12345678 | ||
| 003 | IN_TiNIC | ||
| 005 | 20260116013448.0 | ||
| 008 | 050524s1977 teha grp 000 0 eng | ||
| 020 |
_a _c100 |
||
| 082 | 0 | 0 |
_a840.4 _bCOR |
| 100 | _aCorbin, Henry | ||
| 245 | _aMelanges Offerts a Henry Corbin | ||
| 260 |
_aTehran _bInstitute of Islamic Studies _c1977 |
||
| 300 | _a702p | ||
| 500 | _aincludes index and biblioraphy | ||
| 505 | 2 | _aIndex | |
| 650 | _aFrench-Literature | ||
| 700 | 1 | _aCorbin, Henry | |
| 902 | _bSRS | ||
| 942 | _cBK | ||
| 999 |
_c11076 _d11076 |
||